Fiškálne nástroje na podporu sociálnej inklúzie a rodinnej politiky na Slovensku

Analýza fiškálnych nástrojov sociálnej politiky Slovenskej republiky, ktoré sú využívané na podporu sociálnej inklúzie a rodinnej politiky. Cieľom je analyzovať rozsah a štruktúru fiškálnych nástrojov sociálnej politiky Slovenskej republiky zameraných na podporu sociálnej inklúzie, rodinnej politik...

Descrizione completa

Salvato in:
Dettagli Bibliografici
Autore principale: Maťašová, Jana, 1999-
Natura: Capitolo di libro
Lingua:slovacco
Soggetti:
Tags: Aggiungi Tag
Nessun Tag, puoi essere il primo ad aggiungerne!!

MARC

LEADER 00000naa$a2200000$$$4500
001 0313596
005 20251215102111.8
041 0 |a slo 
044 |a SK 
245 1 0 |a Fiškálne nástroje na podporu sociálnej inklúzie a rodinnej politiky na Slovensku  |c Jana Maťašová 
520 |a Analýza fiškálnych nástrojov sociálnej politiky Slovenskej republiky, ktoré sú využívané na podporu sociálnej inklúzie a rodinnej politiky. Cieľom je analyzovať rozsah a štruktúru fiškálnych nástrojov sociálnej politiky Slovenskej republiky zameraných na podporu sociálnej inklúzie, rodinnej politiky a kompenzácií pre osoby so zdravotným postihnutím. Príspevok vychádza zo sekundárnych údajov Úradu práce, sociálnych vecí a rodiny SR a Štatistického úradu SR za rok 2024. Výsledky prezentujú prehľad hlavných skupín fiškálnych výdavkov a ich podiel v rámci verejných financií, pričom poukazujú na význam fiškálnej politiky pri zabezpečovaní sociálnej súdržnosti a znižovaní regionálnych rozdielov. 
610 2 0 |a politika sociálna 
610 2 0 |a inklúzia 
610 2 0 |a politika rodinná 
610 2 0 |a politika fiškálna 
610 2 0 |a financie verejné 
610 2 0 |a rozdiely regionálne 
100 1 |a Maťašová, Jana, 1999-